000 00824cam a22002893a 4500
001 19086
003 PGUSA
005 20140828083414.0
008 060820s2006||||xxu|||||s|||||000 1 eng d
040 _aPGUSA
_beng
042 _adc
050 4 _aPQ
100 1 _aVerne, Jules,
_d1828-1905
245 1 0 _aVijf weken in een luchtballon
_h[electronic resource] /
_cJules Verne
260 _bProject Gutenberg,
_c2006
506 _aPublic domain in the USA.
516 _aElectronic text
653 _aScience fiction
653 _aAfrica -- Fiction
653 _aBalloons -- Fiction
653 _aVoyages and travels -- Fiction
653 _aAdventure stories
740 0 _aCinq Semaines En Ballon. Dutch
830 0 _aProject Gutenberg
_v19086
856 4 0 _uhttp://www.gutenberg.org/ebooks/19086
942 _cEB
999 _c248341
_d248341